Russian Verb Aspect Practice - A1 (СВ to НСВ) - Statistics

General Stats
  • This quiz has been taken 27 times
  • The average score is 15 of 20
Answer Stats
Meaning Perfective Imperfective % Correct
to know узнать знать
90%
to do / make сделать делать
90%
to be able смочь мочь
86%
to say сказать говорить
86%
to see увидеть видеть
86%
to sit посидеть сидеть
86%
to go пойти идти
81%
to want захотеть хотеть
81%
to think подумать думать
81%
to live пожить жить
81%
to learn выучить учить
81%
to give дать давать
81%
to watch посмотреть смотреть
81%
to write написать писать
76%
to like / love полюбить любить
76%
to decide / solve решить решать
71%
to begin начать начинать
67%
to become стать становиться
52%
to ask спросить спрашивать
52%
to go out выйти выходить
48%
No matching quizzes found
Score Distribution
Percent of People with Each Score
Percentile by Number Answered
Your Score History
You have not taken this quiz